000 00644nam a22001937a 4500
005 20170524150549.0
010 _aENG- 118375
020 _a9788124119099
_c695.00
035 _aEN-101907
037 _bDBAD/PUB
082 _a230.2046
100 _aKumar, Girija
245 _aThe mahabharatana eighteen characters in search of drama /
_c by Girja Kumar
260 _aNew Delhi
_bHar-Anand Publication
_c2016
270 _aE-49/3, Okhla Industrial Area, Phase-ii, New Delhi-110020
300 _axx,371p.
_c22cm. (pbk)
505 _aV.I- The forefathers: vedavyasa to Yadava Kkrishna
942 _2ddc
_cEN
_h230.2046
_mKUM
999 _c140399
_d140399